000
00261nam a2200109 4500
082
_a
297.01KHE
100
_a
Kherie, Altaf Ahmed
245
_a
Islam: a comprehensive Guide Book
260
_a
Karachi:
_b
Royal Book Company,
_c
1993.
300
_a
469p. ;
942
_c
BK
999
_c
8757
_d
8757